Violation of Slovak or Czech Accounting Legislation and Its Impact on Entities

Koncept administratívneho porušovania a pokuty v udelovaní slovenskou a českou účtovnou legislatívou.

Gespeichert in:
Bibliographische Detailangaben
1. Verfasser: Mokošová, Daša, 1979-
Weitere Verfasser: Molín, Jan
Format: Buchkapitel
Sprache:Englisch
Schlagworte:
Tags: Tag hinzufügen
Keine Tags, Fügen Sie das erste Tag hinzu!

MARC

LEADER 00000naa a2200000 4500
001 0228672
005 20240502073748.1
041 0 |a eng 
044 |a SK 
245 1 0 |a Violation of Slovak or Czech Accounting Legislation and Its Impact on Entities  |c Daša Mokošová, Jan Molín 
520 |a Koncept administratívneho porušovania a pokuty v udelovaní slovenskou a českou účtovnou legislatívou. 
610 2 0 |a pravidlá účtovné 
610 2 0 |a Slovensko 
610 2 0 |a Česko 
610 2 0 |a sankcie 
610 2 0 |a legislatíva 
100 1 |a Mokošová, Daša, 1979- 
700 1 |a Molín, Jan